Statistics for Elements That Conduct Electricity

Click here to take the quiz!

General Stats

  • This quiz has been taken 10 times
  • The average score is 13 of 22

Answer Stats

Answer% Correct
Iron
100%
Copper
89%
Gold
89%
Silver
89%
Tin
78%
Aluminum
67%
Cobalt
67%
Lead
67%
Nickel
67%
Platinum
67%
Titanium
67%
Tungsten
67%
Zinc
67%
Gallium
56%
Germanium
56%
Mercury
56%
Beryllium
44%
Arsenic
33%
Boron
33%
Maganese
33%
Niobium
22%
Silicon
22%

Score Distribution

Percentile by Number Answered

Percent of People with Each Score

Your Score History

You have not taken this quiz